|
|
|
|
| LEADER |
01772nam a2200385 a 4500 |
| 001 |
31979 |
| 003 |
BD-DhAAL |
| 005 |
20211115131530.0 |
| 008 |
171802s2008 mnuab b s001 0 eng |
| 999 |
|
|
|c 38245
|d 38245
|
| 010 |
|
|
|a 2007031188
|
| 015 |
|
|
|a GBA788464
|2 bnb
|
| 016 |
7 |
|
|a 014235486
|2 Uk
|
| 020 |
|
|
|a 9780816650217 (hc : alk. paper)
|
| 020 |
|
|
|a 0816650217 (hc : alk. paper)
|
| 020 |
|
|
|a 9780816650224 (pb : alk. paper)
|
| 020 |
|
|
|a 0816650225 (pb : alk. paper)
|
| 040 |
|
|
|a DLC
|c DLC
|d BAKER
|d BTCTA
|d YDXCP
|d UKM
|d C#P
|d CDX
|d BWX
|d DLC
|d BD-DhAAL
|
| 050 |
0 |
0 |
|a NA9253.L34
|b G55 2008
|
| 082 |
0 |
0 |
|a 711.409549143
|2 22
|
| 100 |
1 |
|
|a Glover, William J.
|9 21963
|
| 245 |
1 |
0 |
|a Making Lahore modern :
|b constructing and imagining a colonial city /
|c William J. Glover.
|
| 260 |
|
|
|a Minneapolis :
|b University of Minnesota Press,
|c c2008.
|
| 300 |
|
|
|a xxviii, 258 pages :
|b illustrations, maps ;
|c 26 cm.
|
| 504 |
|
|
|a Includes bibliographical references (p. 233-253) and index.
|
| 526 |
|
|
|a ARC
|
| 541 |
|
|
|e 31979
|
| 650 |
|
0 |
|a City planning
|z Pakistan
|z Lahore
|x History
|y 19th century.
|9 21964
|
| 650 |
|
0 |
|a Architecture
|z Pakistan
|z Lahore
|x History
|y 19th century.
|9 21965
|
| 650 |
|
0 |
|a Architecture, British colonial
|z Pakistan
|z Lahore.
|9 21966
|
| 650 |
|
0 |
|a Architecture
|9 42671
|
| 651 |
|
0 |
|a Lahore (Pakistan)
|x Buildings, structures, etc.
|9 21967
|
| 942 |
|
|
|2 ddc
|c BK
|
| 952 |
|
|
|0 0
|1 0
|2 ddc
|4 0
|6 711_409549143000000_GLO
|7 0
|9 60976
|a BRACUL
|b BRACUL
|c GEN
|d 2017-07-31
|e Development Book Agency
|g 3371.00
|l 0
|o 711.409549143 GLO
|p 3010031979
|r 2017-07-31
|t 1
|v 3371.00
|w 2017-07-31
|y BK
|
| 952 |
|
|
|0 0
|1 0
|2 ddc
|4 0
|6 711_409549143000000_GLO
|7 0
|9 61013
|a BRACUL
|b BRACUL
|c GEN
|d 2017-08-24
|e Karim International
|g 3180.00
|l 0
|o 711.409549143 GLO
|p 3010032034
|r 2017-08-24
|t 2
|v 3180.00
|w 2017-08-24
|y BK
|